| 000 | 00000nam##2200000za#4500 |
| 001 | 9.572841 |
| 003 | CaOODSP |
| 005 | 20210624183419 |
| 007 | cr ||||||||||| |
| 008 | 150406|2010||||xxc|||||o f|0| 0 eng|d |
| 040 | |aCaOODSP|beng |
| 043 | |an-cn--- |
| 086 | 1 |aFs97-13/1225E-PDF |
| 110 | 1 |aCanada. |bDepartment of Fisheries and Oceans. |
| 245 | 10|aMicro-chemical analysis of Arctic char, Salvelinus alpinus, otoliths from Ellesmere and Axel Heiberg Islands, Nunavut / |h[electronic resource]|cby J.A. Babaluk, R.J. Wastle, and J.D. Reist. |
| 260 | |aWinnipeg - Manitoba : |bFisheries and Oceans Canada |c2010. |
| 300 | |a135p.|bgraphs, map, references |
| 490 | 1 |aCanadian data report of fisheries and aquatic sciences|vNo. 1225 |
| 500 | |aThe catalogue number (Fs 97-13/1225E) for the print edition has been incorrectly copied in this electronic publication. |
| 546 | |a(Résumé en français) |
| 590 | |a12-30-Supp|b2012-06-28 |
| 720 | 1 |aWastle, R. J. |
| 720 | 1 |aBabaluk, J. A. |
| 720 | 1 |aReist, J. D. |
| 776 | 0#|tMicro-chemical analysis of Arctic char, Salvelinus alpinus, otoliths from Ellesmere and Axel Heiberg islands, Nunavut / |w(CaOODSP)9.619850 |
| 830 | #0|aCanadian data report of fisheries and aquatic sciences ;|vNo. 1225|w(CaOODSP)9.505124 |
| 856 | 40|ahttp://publications.gc.ca|qPDF|s5719 KB|uhttps://publications.gc.ca/collections/collection_2012/mpo-dfo/Fs97-13-1225-eng.pdf|yNo. 1225 |